| 000 | 01396nam a2200313 a 4500 | ||
|---|---|---|---|
| 001 | BRCA_5193 | ||
| 005 | 20190320204958.0 | ||
| 008 | 251110s1799----mx-######v---#000-0#spa-# | ||
| 041 | _aspa | ||
| 044 | _amx | ||
| 084 |
_aDOC119C _b.V45 _c1799 |
||
| 100 | 1 |
_aVelázquez, Antonio _913296 |
|
| 245 | 1 | 0 |
_aDocumento firmado por Don Antonio Velázquez _cAntonio Velázquez ; José del Mazo y Avilés. |
| 260 |
_aMéxico _c1799 |
||
| 300 |
_a[3] fojas _c30 x 21 cm. |
||
| 500 | _aDocumento firmado el 22 de agosto de 1799. | ||
| 500 | _aDocumento con la firma del Director de Arquitectura de la Real Academia de San Carlos de la Nueva España, Antonio Velázquez y el Académico del mismo José del Mazo y Avilés en un certificado de avalúo de una casa en la calle de Don Juan Manuel. | ||
| 500 | _aEl documento contiene la leyenda DOC. #286. | ||
| 500 | _aPapel con marca de agua. | ||
| 500 | _aEstado de conservación: contiene algunas manchas por acidez. | ||
| 506 | 0 | _aFondo Reservado. Para su consulta es necesario credencial de usuario y carta de motivos. | |
| 546 | _aTexto en: Español de finales del siglo XVIII. | ||
| 600 | 1 | 4 |
_aVelázquez, Antonio _xHistoria _913297 |
| 650 | 1 | 4 |
_aDocumentos legales _vManuscritos _xHistoria _912814 |
| 651 | 4 |
_aMéxico _xHistoria _yColonia, 1521-1821 _912461 |
|
| 700 | 1 |
_aMazo y Avilés, José del _913298 |
|
| 902 | _aFDH | ||
| 942 |
_2lcc _cD |
||
| 999 |
_c4887 _d4887 |
||